World Map Without 5 Random Countries - Statistics

General Stats
  • This quiz has been taken 126 times
  • The average score is 4 of 5
Answers on the Map
Answers color-coded by a green-red scale on the quiz's map according to % correct below.
 
Answer Stats
Country % Correct
Afghanistan
100%
Algeria
100%
Angola
100%
Armenia
100%
Australia
100%
Austria
100%
Bangladesh
100%
Belarus
100%
Belgium
100%
Botswana
100%
Brazil
100%
Bulgaria
100%
Burkina Faso
100%
Burundi
100%
Cameroon
100%
Canada
100%
Chile
100%
China
100%
Colombia
100%
Comoros
100%
Costa Rica
100%
Czech Republic
100%
Denmark
100%
Dominican Republic
100%
DR Congo
100%
Ecuador
100%
Egypt
100%
Equatorial Guinea
100%
Eritrea
100%
Estonia
100%
Ethiopia
100%
Fiji
100%
Finland
100%
FS Micronesia
100%
Ghana
100%
Greece
100%
Guatemala
100%
Guinea
100%
Guyana
100%
Haiti
100%
Honduras
100%
Hungary
100%
Iceland
100%
India
100%
Indonesia
100%
Iran
100%
Ireland
100%
Italy
100%
Jamaica
100%
Jordan
100%
Kazakhstan
100%
Kenya
100%
Kiribati
100%
Kosovo
100%
Laos
100%
Latvia
100%
Liberia
100%
Lithuania
100%
Madagascar
100%
Malawi
100%
Mali
100%
Mauritius
100%
Mexico
100%
Mongolia
100%
Morocco
100%
Myanmar
100%
Namibia
100%
Nepal
100%
Netherlands
100%
New Zealand
100%
Nicaragua
100%
Niger
100%
North Korea
100%
North Macedonia
100%
Pakistan
100%
Panama
100%
Paraguay
100%
Poland
100%
Portugal
100%
Republic of the Congo
100%
Romania
100%
Russia
100%
Sao Tome and Principe
100%
Saudi Arabia
100%
Senegal
100%
Serbia
100%
Seychelles
100%
Sierra Leone
100%
Slovakia
100%
South Africa
100%
South Korea
100%
South Sudan
100%
Sri Lanka
100%
Sudan
100%
Suriname
100%
Switzerland
100%
Syria
100%
Tajikistan
100%
Togo
100%
Turkey
100%
Turkmenistan
100%
Uganda
100%
Ukraine
100%
United States
100%
Uzbekistan
100%
Venezuela
100%
Yemen
100%
Zambia
100%
Zimbabwe
100%
Gabon
75%
Maldives
75%
Mauritania
75%
Moldova
75%
Nauru
75%
Oman
75%
Slovenia
75%
Sweden
75%
Uruguay
75%
Vanuatu
75%
Bahamas
67%
Benin
67%
Central African Republic
67%
Croatia
67%
Georgia
67%
Philippines
67%
Tunisia
67%
Tuvalu
67%
Belize
50%
Bolivia
50%
Cambodia
50%
Guinea-Bissau
50%
Iraq
50%
Israel
50%
Kuwait
50%
Kyrgyzstan
50%
Malta
50%
Norway
50%
Papua New Guinea
50%
Peru
50%
Taiwan
50%
Thailand
50%
Solomon Islands
33%
Albania
0%
Argentina
0%
Azerbaijan
0%
Bosnia and Herzegovina
0%
Cape Verde
0%
Chad
0%
Cuba
0%
El Salvador
0%
Eswatini
0%
France
0%
Germany
0%
Ivory Coast
0%
Japan
0%
Lesotho
0%
Libya
0%
Malaysia
0%
Marshall Islands
0%
Mozambique
0%
Nigeria
0%
Palau
0%
Rwanda
0%
Samoa
0%
Somalia
0%
Spain
0%
Tanzania
0%
Tonga
0%
United Arab Emirates
0%
United Kingdom
0%
Vietnam
0%
No matching quizzes found
Score Distribution
Percent of People with Each Score
Percentile by Number Answered
Your Score History
You have not taken this quiz